Memorial de la vida de Fray Francisco Jiménez de Cisneros / (Record no. 150167)

MARC details
000 -LEADER
campo de control de longitud fija 01124nam a2200265 4500
001 - NÚMERO DE CONTROL
campo de control 150167
003 - IDENTIFICADOR DE NÚMERO DE CONTROL
campo de control ES-MaACL
005 - FECHA Y HORA DE LA ÚLTIMA TRANSACCIÓN
campo de control 20260203104228.0
007 - CAMPO FIJO DE DESCRIPCIÓN FÍSICA--INFORMACIÓN GENERAL
campo de control de longitud fija t|
008 - DATOS DE LONGITUD FIJA--INFORMACIÓN GENERAL
campo de control de longitud fija 071026s1913 sp |||| |bspa d
080 ## - NÚMERO DE LA CLASIFICACIÓN DECIMAL UNIVERSAL
Número de la Clasificación Decimal Universal 929 Jiménez de Cisneros, Francisco
100 1# - ENTRADA PRINCIPAL--NOMBRE DE PERSONA
Nombre de persona Vallejo, Juan de.
9 (RLIN) 112841
245 10 - MENCIÓN DEL TÍTULO
Título Memorial de la vida de Fray Francisco Jiménez de Cisneros /
Mención de responsabilidad, etc. Juan de Vallejo ; publicado, con prólogo y notas, por Antonio de la Torre y del Cerro.
260 ## - PUBLICACIÓN, DISTRIBUCIÓN, ETC.
Lugar de publicación, distribución, etc. [Madrid] :
Nombre del editor, distribuidor, etc. [s.n.],
Fecha de publicación, distribución, etc. 1913 (
Fabricante Imp. Bailly-Baillière)
300 ## - DESCRIPCIÓN FÍSICA
Extensión XXV, 131 p. ;
Dimensiones 26 cm.
500 ## - NOTA GENERAL
Nota general Índices.
594 ## - Nota al título y mención de responsabilidad
Nota al título y mención de responsabilidad Precede al tít.: Junta para Ampliación de Estudios e Investigaciones Científicas, Centro de Estudios Históricos.
600 14 - PUNTO DE ACCESO ADICIONAL DE MATERIA--NOMBRE DE PERSONA
Nombre de persona Jiménez de Cisneros, Francisco,
Fechas asociadas al nombre 1436-1517
9 (RLIN) 66495
700 1# - ENTRADA AGREGADA--NOMBRE PERSONAL
Nombre de persona Torre y del Cerro, Antonio de la.
9 (RLIN) 110794
710 2# - ENTRADA AGREGADA--NOMBRE DE ENTIDAD CORPORATIVA
Nombre de entidad corporativa o nombre de jurisdicción como elemento de entrada Centro de Estudios Históricos (1910-1939)
9 (RLIN) 2638
852 ## - LOCALIZACIÓN
Ubicación ES-MaACL
Número de control de estantería B-4938
Ubicación en estantería Sala Pardo Bazán
856 4# - LOCALIZACIÓN Y ACCESO ELECTRÓNICOS
Identificador Uniforme de Recursos <a href="http://bnedigital.bne.es/bd/es/card?id=dff26272-03c2-45c0-9553-06be68c872f3">http://bnedigital.bne.es/bd/es/card?id=dff26272-03c2-45c0-9553-06be68c872f3</a>
Texto de enlace Ir a la página
942 ## - ELEMENTOS DE ENTRADA SECUNDARIOS (KOHA)
Fuente del sistema de clasificación o colocación Clasificación decimal universal
Holdings
Estatus retirado Estado de pérdida Estado de daño No para préstamo Colección Biblioteca de origen Biblioteca actual Ubicación en estantería Fecha de adquisición Fuente de adquisición Total de préstamos Signatura topográfica completa Código de barras Visto por última vez Precio de reemplazo Tipo de ítem Koha
        Colección digital Biblioteca del Ateneo de Madrid Biblioteca del Ateneo de Madrid Sala Pardo Bazán 17/01/2008     B-4938 1156699 23/02/2023 23/02/2023 Libro impreso